Which Hunger Games Book? - Statistics

General Stats
  • This quiz has been taken 116 times
  • The average score is 45 of 50
Answer Stats
Question Tile Select % Correct
events that happen in The Hunger Games Finnick dies No
98%
events that happen in The Hunger Games Katniss and Peeta win the Hunger Games Yes
98%
events that happen in The Hunger Games Peeta and Johanna get captured No
98%
events that happen in The Hunger Games The Quarter Quell is announced No
98%
events that happen in The Hunger Games Finnick and Annie get married No
97%
events that happen in The Hunger Games Finnick resuscitates Peeta No
97%
events that happen in The Hunger Games Johanna, Wiress, and Beetee get covered with blood rain No
97%
events that happen in The Hunger Games Prim dies No
97%
events that happened in Catching Fire Johanna, Wiress, and Beetee get covered with blood rain Yes
96%
events that happen in The Hunger Games Katniss kills Coin No
96%
events that happen in The Hunger Games Peeta accidently poisons Foxface Yes
96%
events that happen in The Hunger Games Peeta gets hijacked No
96%
events that happen in The Hunger Games Peeta volunteers No
96%
events that happen in The Hunger Games Rue dies Yes
96%
events that happened in Catching Fire The Quarter Quell is announced Yes
95%
events that happened in Mockingjay Johanna, Wiress, and Beetee get covered with blood rain No
94%
events that happened in Catching Fire Katniss drops the tracker jacker nest No
94%
events that happened in Mockingjay Katniss drops the tracker jacker nest No
94%
events that happen in The Hunger Games Katniss volunteers Yes
94%
events that happened in Mockingjay Katniss volunteers No
94%
events that happened in Mockingjay Peeta accidently poisons Foxface No
94%
events that happened in Mockingjay Peeta volunteers No
94%
events that happened in Catching Fire Prim dies No
94%
events that happened in Catching Fire Rue dies No
94%
events that happened in Mockingjay Rue dies No
94%
events that happened in Mockingjay The Quarter Quell is announced No
94%
events that happened in Catching Fire Finnick dies No
93%
events that happened in Catching Fire Katniss and Peeta win the Hunger Games No
93%
events that happened in Mockingjay Katniss and Peeta win the Hunger Games No
93%
events that happen in The Hunger Games Katniss drops the tracker jacker nest Yes
93%
events that happened in Catching Fire Peeta accidently poisons Foxface No
93%
events that happened in Catching Fire Katniss volunteers No
91%
events that happened in Catching Fire Peeta volunteers Yes
91%
events that happened in Catching Fire Finnick and Annie get married No
90%
events that happened in Catching Fire Finnick resuscitates Peeta Yes
90%
events that happened in Catching Fire Katniss kills Coin No
90%
events that happened in Mockingjay Finnick resuscitates Peeta No
88%
events that happened in Catching Fire Peeta gets hijacked No
88%
Who is better Peeta Yes
87%
events that happened in Mockingjay Finnick and Annie get married Yes
86%
events that happened in Mockingjay Katniss and Peeta have their first real kiss No
86%
events that happened in Mockingjay Peeta gets hijacked Yes
86%
events that happened in Catching Fire Peeta and Johanna get captured Yes
84%
Who is better Gale No
83%
events that happened in Mockingjay Katniss kills Coin Yes
82%
events that happened in Mockingjay Peeta and Johanna get captured No
78%
events that happened in Mockingjay Prim dies Yes
77%
events that happened in Mockingjay Finnick dies Yes
73%
events that happen in The Hunger Games Katniss and Peeta have their first real kiss No
71%
events that happened in Catching Fire Katniss and Peeta have their first real kiss Yes
64%
No matching quizzes found
Score Distribution
Percent of People with Each Score
Percentile by Number Answered
Your Score History
You have not taken this quiz